000 00853nam a2200241Ia 4500
005 20230505151844.0
008 210716s2013 xx 000 0 und d
020 _a9788177581164
040 _cAIMIT LIBRARY
041 _aeng
082 _a004.694
_22
_bKALR
100 _aKalakota, Ravi.
_998980
245 _aE-business 2.0:
_broadmap for success /
_cBy Ravi Kalakota and Marcia Robinson.
250 _a1st ed.
260 _aNew Delhi :
_bPearson ,
_c2013.
300 _a544p. ;
_bPB
_c23 cm.
650 _aSpotting e- business trends
_998981
650 _aDigitizing the business: e-business patterns
_998982
650 _aBuilding the e-business backbone: enterprise resource planning
_998983
650 _aMobilizing the organization: tactical execution
_998984
700 _aRobinson, Marcia.
_998985
942 _2ddc
_cBK
_e2nd
_k004.694 KALR
999 _c194061
_d194061